Statistics for Young Refresh Guys Cheese Hi

Click here to take the quiz!

General Stats

  • This quiz has been taken 3 times
  • The average score is 7 of 10

Answer Stats

Median AgeCountry% Correct
16.0 yearsMali
100%
15.1 yearsNiger
100%
17.0 yearsBurkina Faso
67%
17.0 yearsBurundi
67%
17.2 yearsChad
67%
16.3 yearsMalawi
67%
16.9 yearsMozambique
67%
16.8 yearsSouth Sudan
67%
15.5 yearsUganda
67%
16.7 yearsZambia
33%

Score Distribution

Percentile by Number Answered

Percent of People with Each Score

Your Score History

You have not taken this quiz